The role of social media in commercial property (Record no. 111536)
[ view plain ]
| 000 -LEADER | |
|---|---|
| fixed length control field | 01007cad a22002415a 4500 |
| 001 - CONTROL NUMBER | |
| control field | E151683 |
| 008 - FIXED-LENGTH DATA ELEMENTS--GENERAL INFORMATION | |
| fixed length control field | 101130s2009 xxk f 000 0 eng d |
| 020 ## - INTERNATIONAL STANDARD BOOK NUMBER | |
| International Standard Book Number | 9781842195222 |
| 035 ## - SYSTEM CONTROL NUMBER | |
| System control number | (Sirsi) u151683 |
| 041 0# - LANGUAGE CODE | |
| Language code of text/sound track or separate title | eng |
| 050 04 - LIBRARY OF CONGRESS CALL NUMBER | |
| Classification number | 658.406 $2 18 |
| 100 1# - MAIN ENTRY--PERSONAL NAME | |
| Personal name | Waller, Andrew |
| 245 04 - TITLE STATEMENT | |
| Title | The role of social media in commercial property |
| Medium | [electronic resource] |
| 260 ## - PUBLICATION, DISTRIBUTION, ETC. | |
| Place of publication, distribution, etc. | London |
| Name of publisher, distributor, etc. | RICS |
| Date of publication, distribution, etc. | 2009 |
| 520 ## - SUMMARY, ETC. | |
| Summary, etc. | Looks at social media such as blogs, Twitter, Wikis and image sharing, and discusses the opportunities it presents for those working in the commercial property sector, in terms of marketing, development, agency, professional services and various other aspects. |
| 521 ## - TARGET AUDIENCE NOTE | |
| Target audience note | Advanced |
| 590 ## - LOCAL NOTE (RLIN) | |
| Local note | KA |
| 651 #4 - SUBJECT ADDED ENTRY--GEOGRAPHIC NAME | |
| Geographic name | United Kingdom |
| 690 ## - LOCAL SUBJECT ADDED ENTRY--TOPICAL TERM (OCLC, RLIN) | |
| Topical term or geographic name as entry element | PROPERTY-COMMERCIAL PROPERTY |
| 700 1# - ADDED ENTRY--PERSONAL NAME | |
| Personal name | Thompson, Bob |
| 856 40 - ELECTRONIC LOCATION AND ACCESS | |
| Uniform Resource Identifier | <a href="http://web.archive.org/web/20100417113117/https://www.rics.org/site/download_feed.aspx?fileID=5081&fileExtension=PDF">http://web.archive.org/web/20100417113117/https://www.rics.org/site/download_feed.aspx?fileID=5081&fileExtension=PDF</a> |
| Public note | Available on the webarchive |
| 942 ## - ADDED ENTRY ELEMENTS (KOHA) | |
| Suppress in OPAC | 0 |
| Source of classification or shelving scheme | Dewey Decimal Classification |
| Withdrawn status | Lost status | Damaged status | Not for loan | Home library | Current library | Shelving location | Date acquired | Total Checkouts | Full call number | Date last seen | Copy number | Price effective from | Koha item type |
|---|---|---|---|---|---|---|---|---|---|---|---|---|---|
| Archives | Archives | RICS Boxes | 07/11/2023 | RICS 2009/61 | 07/11/2023 | 07/11/2023 | Book | ||||||
| Virtual | Virtual | Online | 30/11/2010 | ONLINE PUBLICATION | 06/08/2019 | 1 | 06/08/2019 | Book |